|
|
|
|
| LEADER |
00000naa2a2200000 4500 |
| 001 |
142783 |
| 005 |
20231031142855.0 |
| 035 |
|
|
|a (RuTPU)RU\TPU\book\154736
|
| 090 |
|
|
|a 142783
|
| 100 |
|
|
|a 20080911d2005 k y0rusy50 ca
|
| 101 |
0 |
|
|a rus
|
| 102 |
|
|
|a RU
|
| 200 |
1 |
|
|a Анализ томской рекламы в прессе
|f Е. Н. Соколов, Л. В. Микитина
|
| 461 |
|
1 |
|0 (RuTPU)RU\TPU\book\107328
|t Энергия молодых - экономике России
|o труды VI Всероссийской научно-практической конференции студентов и молодых ученых, Томск, 19-22 апреля 2005 г.
|o в 2 ч.
|f Томский политехнический университет; Вольное экономическое общество России
|d 2005-
|
| 463 |
|
0 |
|0 (RuTPU)RU\TPU\book\73345
|t Ч. 2
|v С. 331-333
|d 2005
|
| 610 |
1 |
|
|a реклама
|
| 610 |
1 |
|
|a анализ
|
| 610 |
1 |
|
|a пресса
|
| 610 |
1 |
|
|a Томск
|
| 610 |
1 |
|
|a рекламные средства
|
| 610 |
1 |
|
|a рекламные объявления
|
| 610 |
1 |
|
|a оценка
|
| 610 |
1 |
|
|a труды учёных ТПУ
|
| 700 |
|
1 |
|a Соколов
|b Е. Н.
|
| 701 |
|
1 |
|a Микитина
|b Л. В.
|
| 801 |
|
1 |
|a RU
|b 63413507
|c 20080911
|g PSBO
|
| 801 |
|
2 |
|a RU
|b 63413507
|c 20161004
|g RCR
|
| 942 |
|
|
|c BK
|